[Event "Aarhus Chess House"]
[Site "Aarhus"]
[Date "2014.02.26"]
[Round "9"]
[White "Palo, Davor"]
[Black "Fries Nielsen, Jens Ove"]
[Result "1-0"]
[WhiteElo "2550"]
[BlackElo "2416"]
[PlyCount "77"]
[EventDate "2014.02.17"]
[EventType "tourn"]
[EventRounds "9"]
[EventCountry "DEN"]
[EventCategory "9"]
[SourceTitle "CBM 158 Extra"]
[Source "ChessBase"]
[SourceDate "2014.02.28"]
[SourceVersion "1"]
[SourceVersionDate "2014.02.28"]
[SourceQuality "1"]

1. d4 d6 2. c4 Nf6 3. Nc3 Nc6 4. e4 e5 5. d5 Nd4 6. Be3 c5 7. dxc6 bxc6 8. Bxd4 exd4 9. Qxd4 Rb8 10. 0-0-0 Qa5 11. Nf3 Nd7 12. Qe3 Qb4 13. Rd2 Ne5 14. Qxa7 Be7 15. a3 Rb7 16. Qa6 Qc5 17. b4 Qa7 18. Qxa7 Rxa7 19. Nxe5 dxe5 20. Kb2 Be6 21. Be2 0-0 22. Ra1 Rb8 23. b5 Bc5 24. a4 Bd4 25. Rad1 c5 26. Kb3 g6 27. Ra2 Ra5 28. Bd3 Kf8 29. f3 Ke7 30. Ne2 Kd6 31. Nxd4 exd4 32. f4 f6 33. Re1 Kd7 34. f5 Bf7 35. e5 fxe5 36. fxg6 hxg6 37. Rxe5 Kd6 38. Re1 Rb7 39. Rf2 1-0

[Event "Aarhus Chess House"]
[Site "Aarhus"]
[Date "2014.02.22"]
[Round "6"]
[White "Trent, Lawrence"]
[Black "Palo, Davor"]
[Result "1/2-1/2"]
[WhiteElo "2424"]
[BlackElo "2550"]
[PlyCount "124"]
[EventDate "2014.02.17"]
[EventType "tourn"]
[EventRounds "9"]
[EventCountry "DEN"]
[EventCategory "9"]
[SourceTitle "CBM 158 Extra"]
[Source "ChessBase"]
[SourceDate "2014.02.28"]
[SourceVersion "1"]
[SourceVersionDate "2014.02.28"]
[SourceQuality "1"]

1. b3 e5 2. Bb2 Nc6 3. e3 Nf6 4. Bb5 Bd6 5. Na3 a6 6. Bxc6 dxc6 7. Nc4 Qe7 8. Nf3 e4 9. Nd4 Bg4 10. Nxd6+ Qxd6 11. f3 exf3 12. Nxf3 0-0-0 13. Qe2 Rhe8 14. 0-0-0 Nd5 15. h3 Bd7 16. Qd3 Qc5 17. Qd4 Qxd4 18. Bxd4 f6 19. g4 h6 20. Rhg1 b6 21. Bb2 c5 22. Nh4 Be6 23. Rdf1 Nb4 24. a3 Nc6 25. Nf5 Rd7 26. h4 Bxf5 27. Rxf5 Ne7 28. Rf3 Ng6 29. Rh3 Rh8 30. Rgh1 Rf7 31. Kd1 Nf8 32. Rf1 Kd7 33. Rg3 Ke7 34. Rgf3 Ne6 35. Ke1 Rd8 36. Rf5 Rff8 37. R1f2 Rfe8 38. Kf1 Kd7 39. Kg2 Kc6 40. Kg3 c4 41. b4 a5 42. Bc3 axb4 43. axb4 Kb7 44. Rf1 c6 45. Rb1 Nc7 46. g5 hxg5 47. hxg5 Nb5 48. gxf6 Nxc3 49. dxc3 gxf6 50. Kf3 Re6 51. Rh5 Rd7 52. Rbh1 Rde7 53. Re1 Rd6 54. Reh1 Rd2 55. R1h2 Rd1 56. Rh7 Rxh7 57. Rxh7+ Ka6 58. Rh2 Kb5 59. Ke2 Rc1 60. Kd2 Rf1 61. Ke2 Rc1 62. Kd2 Rf1 1/2-1/2

[Event "Aarhus Chess House"]
[Site "Aarhus"]
[Date "2014.02.21"]
[Round "5"]
[White "Palo, Davor"]
[Black "Skytte, Rasmus"]
[Result "1/2-1/2"]
[WhiteElo "2550"]
[BlackElo "2416"]
[PlyCount "61"]
[EventDate "2014.02.17"]
[EventType "tourn"]
[EventRounds "9"]
[EventCountry "DEN"]
[EventCategory "9"]
[SourceTitle "CBM 158 Extra"]
[Source "ChessBase"]
[SourceDate "2014.02.28"]
[SourceVersion "1"]
[SourceVersionDate "2014.02.28"]
[SourceQuality "1"]

1. d4 Nf6 2. c4 c5 3. d5 b5 4. cxb5 a6 5. bxa6 g6 6. Nc3 Bg7 7. Nf3 0-0 8. e4 Qa5 9. Bd2 Bxa6 10. Bxa6 Qxa6 11. Qe2 e6 12. dxe6 fxe6 13. Be3 Qc6 14. Ne5 Qc7 15. Nd3 c4 16. Nf4 Qe5 17. Qxc4 Ng4 18. Nd3 Qh5 19. Qc5 d5 20. exd5 Na6 21. Qd6 Nxe3 22. fxe3 Qh4+ 23. g3 Qc4 24. Rd1 Bxc3+ 25. bxc3 Qxc3+ 26. Rd2 Qa1+ 27. Rd1 Qc3+ 28. Rd2 Qa1+ 29. Rd1 Qc3+ 30. Rd2 Qa1+ 31. Rd1 1/2-1/2

[Event "DEN-chT 1314 52nd"]
[Site "Denmark"]
[Date "2014.02.16"]
[Round "7.2"]
[White "Palo, Davor"]
[Black "Borge, Nikolaj"]
[Result "1-0"]
[WhiteElo "2553"]
[BlackElo "2389"]
[PlyCount "95"]
[EventDate "2013.11.02"]
[EventType "team-tourn"]
[EventRounds "9"]
[EventCountry "DEN"]
[SourceTitle "EXT 2023"]
[Source "ChessBase"]
[SourceDate "2022.10.05"]
[SourceVersion "1"]
[SourceVersionDate "2022.10.05"]
[SourceQuality "1"]
[WhiteTeam "Nordea"]
[BlackTeam "Hillerod"]
[WhiteTeamCountry "DEN"]
[BlackTeamCountry "DEN"]

1. d4 d6 2. Nf3 f5 3. g3 g6 4. Bg2 Bg7 5. 0-0 Nf6 6. c4 0-0 7. Nc3 Qe8 8. b3 Na6 9. Ba3 h6 10. Qc2 g5 11. Rae1 Qh5 12. b4 c6 13. b5 Nc7 14. bxc6 bxc6 15. Qa4 Bd7 16. Qa5 Rac8 17. e3 Rf7 18. Rb1 f4 19. exf4 Bg4 20. Nd2 gxf4 21. Qxh5 Nxh5 22. Bf3 Bxf3 23. Nxf3 fxg3 24. fxg3 Ne6 25. Ne2 Rcf8 26. Kg2 Nf6 27. Bc1 Ne4 28. Be3 N6g5 29. Nxg5 Rxf1 30. Rxf1 Rxf1 31. Nxe4 Rd1 32. Kf3 Rf1+ 33. Bf2 Rb1 34. N4c3 Rb4 35. c5 d5 36. Ke3 Kf7 37. Kd3 Rb2 38. Be3 Kg6 39. h3 e5 40. dxe5 Bxe5 41. Bd4 Bc7 42. Nxd5 Rxe2 43. Kxe2 cxd5 44. Kf3 h5 45. c6 Kf5 46. Bxa7 Ke6 47. Be3 d4 48. Bf4 1-0

[Event "DEN-chT 1314 52nd"]
[Site "Denmark"]
[Date "2014.01.26"]
[Round "6.2"]
[White "Palo, Davor"]
[Black "Sorensen, Bent"]
[Result "1-0"]
[WhiteElo "2553"]
[BlackElo "2247"]
[PlyCount "79"]
[EventDate "2013.11.02"]
[EventType "team-tourn"]
[EventRounds "9"]
[EventCountry "DEN"]
[SourceTitle "EXT 2015"]
[Source "ChessBase"]
[SourceDate "2014.11.20"]
[SourceVersion "1"]
[SourceVersionDate "2014.11.20"]
[SourceQuality "1"]
[WhiteTeam "Nordea"]
[BlackTeam "Norresundby"]
[WhiteTeamCountry "DEN"]
[BlackTeamCountry "DEN"]

1. d4 d5 2. c4 e6 3. Nc3 c6 4. e3 Nf6 5. Nf3 Nbd7 6. Bd3 Bd6 7. e4 dxe4 8. Nxe4 Nxe4 9. Bxe4 c5 10. 0-0 0-0 11. Bc2 Re8 12. Qd3 Nf8 13. Be3 cxd4 14. Qxd4 e5 15. Qd2 Qe7 16. Rfd1 Bb4 17. Qe2 Bg4 18. h3 Bh5 19. Rd5 f6 20. a3 Bd6 21. Rad1 Bc7 22. Be4 Red8 23. Bc5 Qe8 24. Rxd8 Rxd8 25. Rxd8 Bxd8 26. Bxb7 Ne6 27. Bxa7 Qd7 28. Bd5 Qxa7 29. Bxe6+ Kf8 30. Qd2 Ke7 31. Bg4 Bg6 32. c5 Bc7 33. Qd7+ Kf8 34. Qc8+ Ke7 35. Qe6+ Kf8 36. Qc8+ Ke7 37. b4 Be8 38. Nh4 h5 39. Nf5+ Kf8 40. Bxh5 1-0

[Event "EU-chT (Men) 19th"]
[Site "Warsaw"]
[Date "2013.11.15"]
[Round "7.16"]
[White "Laurusas, Tomas"]
[Black "Palo, Davor"]
[Result "1-0"]
[WhiteElo "2409"]
[BlackElo "2553"]
[PlyCount "117"]
[EventDate "2013.11.08"]
[EventType "team-swiss"]
[EventRounds "9"]
[EventCountry "POL"]
[SourceTitle "CBM 158"]
[Source "ChessBase"]
[SourceDate "2014.01.16"]
[SourceVersion "1"]
[SourceVersionDate "2014.01.16"]
[SourceQuality "1"]
[WhiteTeam "Lithuania"]
[BlackTeam "Denmark"]
[WhiteTeamCountry "LTU"]
[BlackTeamCountry "DEN"]

1. d4 Nf6 2. c4 e6 3. Nf3 b6 4. g3 Bb7 5. Bg2 Be7 6. 0-0 0-0 7. Nc3 Ne4 8. Qc2 Nxc3 9. Qxc3 f5 10. Rd1 Bf6 11. b3 Qe7 12. Bb2 d6 13. Ne1 Bxg2 14. Nxg2 c5 15. Qf3 Nd7 16. Rab1 Rad8 17. dxc5 bxc5 18. Nf4 Bxb2 19. Rxb2 Ne5 20. Qg2 a5 21. Nd3 Nf7 22. Rbd2 Ng5 23. Rc2 Ne4 24. Nb2 d5 25. cxd5 exd5 26. f3 Ng5 27. Rcd2 Rfe8 28. f4 Ne4 29. Rxd5 Rxd5 30. Rxd5 Qf6 31. e3 a4 32. Qc2 axb3 33. Qxb3 Kh8 34. Nc4 Qa1+ 35. Kg2 g6 36. Ne5 Qc3 37. Qxc3 Nxc3 38. Rxc5 Nxa2 39. h3 Nb4 40. g4 Re7 41. gxf5 gxf5 42. Kf3 Kg7 43. Nc4 Kg6 44. Nd6 Nd3 45. Rxf5 Ne1+ 46. Ke2 h6 47. Kxe1 Rxe3+ 48. Kd2 Rxh3 49. Ke2 Ra3 50. Re5 Ra2+ 51. Kf3 Ra1 52. f5+ Kf6 53. Re6+ Kg5 54. Rg6+ Kh5 55. Nf7 Rf1+ 56. Ke4 Re1+ 57. Kf4 Rf1+ 58. Ke5 Re1+ 59. Kf6 1-0

[Event "DEN-ch"]
[Site "Helsingor"]
[Date "2013.03.30"]
[Round "8"]
[White "Palo, Davor"]
[Black "Ziska, Helgi Dam"]
[Result "1-0"]
[WhiteElo "2551"]
[BlackElo "2461"]
[PlyCount "71"]
[EventDate "2013.03.23"]
[EventType "tourn"]
[EventRounds "9"]
[EventCountry "DEN"]
[EventCategory "9"]
[SourceTitle "CBM 153 Extra"]
[Source "ChessBase"]
[SourceDate "2013.04.22"]
[SourceVersion "1"]
[SourceVersionDate "2013.04.22"]
[SourceQuality "1"]

1. d4 Nf6 2. c4 g6 3. f3 Bg7 4. e4 d6 5. Nc3 0-0 6. Nge2 c5 7. d5 e6 8. Ng3 exd5 9. cxd5 Nbd7 10. Be2 h5 11. Bg5 Qb6 12. Qd2 Nh7 13. Bf4 Ne5 14. 0-0 Bd7 15. Nh1 Qd8 16. Nf2 h4 17. Be3 f5 18. Rae1 b5 19. f4 Nc4 20. Bxc4 bxc4 21. e5 dxe5 22. Bxc5 Re8 23. fxe5 Rxe5 24. Rxe5 Bxe5 25. d6 Bc6 26. Re1 Bxc3 27. Qxc3 Qf6 28. Qxc4+ Qf7 29. Qxf7+ Kxf7 30. Re7+ Kg8 31. Bd4 Re8 32. Rg7+ Kf8 33. Nd3 Re4 34. Bc3 Ng5 35. d7 Ne6 36. Nc5 1-0

[Event "DEN-ch"]
[Site "Helsingor"]
[Date "2013.03.27"]
[Round "5"]
[White "Palo, Davor"]
[Black "Rasmussen, Allan Stig"]
[Result "1/2-1/2"]
[WhiteElo "2551"]
[BlackElo "2511"]
[PlyCount "22"]
[EventDate "2013.03.23"]
[EventType "tourn"]
[EventRounds "9"]
[EventCountry "DEN"]
[EventCategory "9"]
[SourceTitle "CBM 153 Extra"]
[Source "ChessBase"]
[SourceDate "2013.04.22"]
[SourceVersion "1"]
[SourceVersionDate "2013.04.22"]
[SourceQuality "1"]

1. d4 d5 2. c4 dxc4 3. Nf3 Nf6 4. e3 e6 5. Bxc4 c5 6. 0-0 Nc6 7. Qe2 a6 8. Rd1 b5 9. dxc5 Qc7 10. Bd3 Bxc5 11. a4 bxa4 1/2-1/2

[Event "Olympiad-37"]
[Site "Turin"]
[Date "2006.06.03"]
[Round "12"]
[White "Vajda, Levente"]
[Black "Palo, Davor"]
[Result "1/2-1/2"]
[WhiteElo "2511"]
[BlackElo "2546"]
[PlyCount "169"]
[EventDate "2006.05.21"]
[EventType "team-swiss"]
[EventRounds "13"]
[EventCountry "ITA"]
[SourceTitle "CBM 113"]
[Source "ChessBase"]
[SourceDate "2006.07.31"]
[SourceVersion "1"]
[SourceVersionDate "2006.07.31"]
[SourceQuality "1"]
[WhiteTeam "Romania"]
[BlackTeam "Denmark"]
[WhiteTeamCountry "ROU"]
[BlackTeamCountry "DEN"]

1. e4 c6 2. d4 d5 3. exd5 cxd5 4. c4 Nf6 5. Nc3 e6 6. Nf3 Be7 7. cxd5 Nxd5 8. Bc4 Nc6 9. 0-0 0-0 10. Re1 Bf6 11. Ne4 b6 12. a3 Bb7 13. Qd3 Nce7 14. Ba2 Ng6 15. g3 Be7 16. h4 Nf6 17. Neg5 Rc8 18. Rxe6 Bd5 19. Bxd5 Qxd5 20. Re2 Bd6 21. Bd2 Rfe8 22. Rae1 Rxe2 23. Rxe2 h6 24. Ne4 Nxe4 25. Qxe4 Ne7 26. Bf4 Bxf4 27. Qxf4 Ng6 28. Qe4 Qxe4 29. Rxe4 Kf8 30. Kf1 Ne7 31. Ke1 h5 32. Kd2 f6 33. Ne1 Kf7 34. Nc2 Nf5 35. Kd3 g5 36. hxg5 fxg5 37. Re5 Kf6 38. Nb4 Ne7 39. Ke4 h4 40. gxh4 gxh4 41. Rh5 Re8 42. Nd3 Nf5+ 43. Kf4 Nxd4 44. Rh6+ Kg7 45. Rxh4 Kg6 46. Rh3 Ne6+ 47. Kg4 Kf6 48. Rh6+ Kg7 49. Rh3 Kf6 50. Rf3+ Ke7 51. Re3 Kf6 52. Nf4 Rg8+ 53. Kf3 Nxf4 54. Kxf4 Rd8 55. Re2 Rd3 56. Ke4 Rd7 57. Rc2 Rd6 58. b4 b5 59. Rc5 Ra6 60. Rc3 Rd6 61. f4 Ra6 62. f5 Ra4 63. Rc6+ Kf7 64. Ke5 Rxa3 65. Rc7+ Ke8 66. Ke6 Ra6+ 67. Kd5 Ra1 68. Ke6 Ra6+ 69. Ke5 Ra4 70. Kf6 Rxb4 71. Re7+ Kf8 72. Rf7+ Ke8 73. Rxa7 Rf4 74. Re7+ Kd8 75. Rb7 b4 76. Ke5 Rc4 77. Ke6 Rc6+ 78. Kd5 Ra6 79. Ke5 Ke8 80. Kf4 Kf8 81. Kg5 b3 82. Rxb3 Kf7 83. Rb7+ Kf8 84. f6 Ra1 85. Rb8+ 1/2-1/2

[Event "Olympiad-37"]
[Site "Turin"]
[Date "2006.05.23"]
[Round "3"]
[White "Palo, Davor"]
[Black "Minasian, Artashes"]
[Result "1/2-1/2"]
[WhiteElo "2546"]
[BlackElo "2574"]
[PlyCount "122"]
[EventDate "2006.05.21"]
[EventType "team-swiss"]
[EventRounds "13"]
[EventCountry "ITA"]
[SourceTitle "CBM 113"]
[Source "ChessBase"]
[SourceDate "2006.07.31"]
[SourceVersion "1"]
[SourceVersionDate "2006.07.31"]
[SourceQuality "1"]
[WhiteTeam "Denmark"]
[BlackTeam "Armenia"]
[WhiteTeamCountry "DEN"]
[BlackTeamCountry "ARM"]

1. d4 g6 2. e4 Bg7 3. c4 c5 4. d5 d6 5. Nc3 Nf6 6. Bg5 e6 7. Nf3 h6 8. Bh4 0-0 9. Be2 exd5 10. cxd5 Bg4 11. Nd2 Bxe2 12. Qxe2 Re8 13. 0-0 Nbd7 14. Rfe1 a6 15. a4 Qc7 16. f3 Nh5 17. Nc4 Ne5 18. Nxe5 Bxe5 19. Bf2 Nf4 20. Qc4 Qd7 21. Be3 b5 22. axb5 axb5 23. Nxb5 Rxa1 24. Rxa1 Rb8 25. Ra5 Qd8 26. Ra3 Qb6 27. g3 Nxd5 28. Qxd5 Qxb5 29. Ra7 Rf8 30. f4 Qe2 31. Bf2 Bxb2 32. Qxd6 Bd4 33. Bxd4 Qe1+ 34. Kg2 Qxe4+ 35. Kh3 cxd4 36. Rd7 Ra8 37. Qd5 Qxd5 38. Rxd5 Ra4 39. Kg4 Kg7 40. Kf3 h5 41. Ke4 Ra2 42. Rxd4 Rxh2 43. Kf3 Ra2 44. Rd3 Rh2 45. Rd6 Ra2 46. Rd3 Ra1 47. Rb3 Kh6 48. Rb7 Ra3+ 49. Kg2 Kg7 50. Rb6 Kh6 51. Rb7 f5 52. Rb8 Ra6 53. Kh3 Ra7 54. Rc8 Ra1 55. Kg2 Re1 56. Ra8 Kg7 57. Ra7+ Kf6 58. Ra6+ Re6 59. Ra3 g5 60. fxg5+ Kxg5 61. Ra8 Rg6 1/2-1/2

[Event "Olympiad-37"]
[Site "Turin"]
[Date "2006.05.22"]
[Round "2"]
[White "Collins, Sam E"]
[Black "Palo, Davor"]
[Result "0-1"]
[WhiteElo "2409"]
[BlackElo "2546"]
[PlyCount "74"]
[EventDate "2006.05.21"]
[EventType "team-swiss"]
[EventRounds "13"]
[EventCountry "ITA"]
[SourceTitle "CBM 113"]
[Source "ChessBase"]
[SourceDate "2006.07.31"]
[SourceVersion "1"]
[SourceVersionDate "2006.07.31"]
[SourceQuality "1"]
[WhiteTeam "Ireland"]
[BlackTeam "Denmark"]
[WhiteTeamCountry "IRL"]
[BlackTeamCountry "DEN"]

1. e4 c6 2. d4 d5 3. Nd2 dxe4 4. Nxe4 Bf5 5. Ng3 Bg6 6. h4 h6 7. h5 Bh7 8. Nf3 Nf6 9. Bd3 Bxd3 10. Qxd3 e6 11. Bf4 Bd6 12. Be5 Bxe5 13. Nxe5 Nbd7 14. f4 Qa5+ 15. c3 Rd8 16. Qe2 0-0 17. b4 Qa3 18. Qc2 Nd5 19. Ne2 Nxe5 20. fxe5 f6 21. 0-0 Ne3 22. Qg6 Nxf1 23. Rxf1 fxe5 24. Qxe6+ Kh8 25. Rxf8+ Rxf8 26. Qe7 Rg8 27. Qxe5 Qxa2 28. Nf4 Qf7 29. Ng6+ Kh7 30. Qe4 Re8 31. Qd3 Kg8 32. b5 Qd5 33. bxc6 bxc6 34. Nf4 Qf7 35. Ng6 a5 36. c4 Re1+ 37. Kh2 Qf2 0-1

[Event "SWE-chT 0506"]
[Site "Sweden"]
[Date "2006.??.??"]
[Round "10"]
[White "Palo, Davor"]
[Black "Kulaots, Kaido"]
[Result "1/2-1/2"]
[WhiteElo "2546"]
[BlackElo "2656"]
[PlyCount "33"]
[EventDate "2005.10.??"]
[EventType "team"]
[EventRounds "11"]
[EventCountry "SWE"]
[SourceTitle "EXT 2008"]
[Source "ChessBase"]
[SourceDate "2007.11.25"]
[SourceVersion "1"]
[SourceVersionDate "2007.11.25"]
[SourceQuality "1"]
[WhiteTeam "Linkoping"]
[BlackTeam "Sodra"]
[WhiteTeamCountry "SWE"]
[BlackTeamCountry "SWE"]

1. d4 Nf6 2. c4 c6 3. Bf4 g6 4. Nc3 Bg7 5. e4 d6 6. Nf3 Nbd7 7. Be2 0-0 8. 0-0 Nh5 9. Be3 e5 10. Re1 Nhf6 11. h3 exd4 12. Bxd4 Re8 13. Qc2 Ne5 14. Rad1 Qc7 15. Nh2 Qa5 16. Nf1 Ned7 17. Nd2 1/2-1/2

[Event "Aarhus Grundfos YM"]
[Site "Aarhus"]
[Date "2005.08.19"]
[Round "8"]
[White "Miton, Kamil"]
[Black "Palo, Davor"]
[Result "1-0"]
[WhiteElo "2589"]
[BlackElo "2519"]
[PlyCount "87"]
[EventDate "2005.08.14"]
[EventType "tourn"]
[EventRounds "9"]
[EventCountry "DEN"]
[EventCategory "10"]
[SourceTitle "CBM 107 Extra"]
[Source "ChessBase"]
[SourceDate "2005.09.01"]
[SourceVersion "1"]
[SourceVersionDate "2005.09.01"]
[SourceQuality "1"]

1. d4 Nf6 2. Nf3 e6 3. g3 d5 4. Bg2 Be7 5. 0-0 0-0 6. c4 dxc4 7. Qc2 a6 8. Qxc4 b5 9. Qc2 Bb7 10. Bd2 Ra7 11. a4 b4 12. Bg5 Be4 13. Qc1 Nbd7 14. Nbd2 Bd5 15. Qc2 c5 16. Rac1 Rc7 17. Rfd1 h6 18. Bf4 Rc8 19. Ne5 Bxg2 20. Kxg2 cxd4 21. Nc6 Rxc6 22. Qxc6 e5 23. Nf3 exf4 24. Rxd4 fxg3 25. hxg3 Qb6 26. Qxb6 Nxb6 27. Rc6 Rb8 28. b3 a5 29. Ne5 Nfd5 30. Nc4 Bf6 31. Rd3 Nxc4 32. Rxd5 Ne5 33. Rcc5 Re8 34. e3 g5 35. Rxa5 g4 36. Rab5 Kg7 37. Rxb4 h5 38. Re4 Kg6 39. b4 Ra8 40. b5 Nf3 41. Rc4 Bd8 42. b6 f6 43. b7 Rb8 44. Rb5 1-0

[Event "Aarhus Grundfos YM"]
[Site "Aarhus"]
[Date "2005.08.17"]
[Round "6"]
[White "Maze, Sebastien"]
[Black "Palo, Davor"]
[Result "0-1"]
[WhiteElo "2494"]
[BlackElo "2519"]
[PlyCount "90"]
[EventDate "2005.08.14"]
[EventType "tourn"]
[EventRounds "9"]
[EventCountry "DEN"]
[EventCategory "10"]
[SourceTitle "CBM 107 Extra"]
[Source "ChessBase"]
[SourceDate "2005.09.01"]
[SourceVersion "1"]
[SourceVersionDate "2005.09.01"]
[SourceQuality "1"]

1. e4 c6 2. d4 d5 3. e5 Bf5 4. Nf3 e6 5. a3 Nd7 6. Be2 Ne7 7. 0-0 h6 8. Nbd2 Bh7 9. b4 a5 10. b5 c5 11. Re1 cxd4 12. Nxd4 Nf5 13. Nxf5 Bxf5 14. Bb2 Nc5 15. c4 d4 16. Nb3 d3 17. Bf3 Qd7 18. Nd4 Bg6 19. a4 Be7 20. Nc6 0-0 21. Nxe7+ Qxe7 22. Ba3 Rac8 23. Qd2 b6 24. Bc6 Rfd8 25. Qf4 Rxc6 26. bxc6 Qc7 27. Bxc5 bxc5 28. Qd2 Rb8 29. Re3 Rb4 30. Rxd3 Bxd3 31. Qxd3 Qxc6 32. Qd8+ Kh7 33. Qxa5 Qe4 34. Rf1 Qxe5 35. Qa7 Rxc4 36. a5 Ra4 37. a6 Qd6 38. Qxf7 Qxa6 39. g3 Ra1 40. Rxa1 Qxa1+ 41. Kg2 Qe5 42. h4 c4 43. h5 Qe4+ 44. f3 Qc2+ 45. Kf1 Qd3+ 0-1

[Event "Aarhus Grundfos YM"]
[Site "Aarhus"]
[Date "2005.08.17"]
[Round "5"]
[White "Palo, Davor"]
[Black "Korobov, Anton"]
[Result "1-0"]
[WhiteElo "2519"]
[BlackElo "2554"]
[PlyCount "63"]
[EventDate "2005.08.14"]
[EventType "tourn"]
[EventRounds "9"]
[EventCountry "DEN"]
[EventCategory "10"]
[SourceTitle "CBM 107 Extra"]
[Source "ChessBase"]
[SourceDate "2005.09.01"]
[SourceVersion "1"]
[SourceVersionDate "2005.09.01"]
[SourceQuality "1"]

1. d4 Nf6 2. c4 e6 3. Nc3 Bb4 4. Qc2 0-0 5. a3 Bxc3+ 6. Qxc3 b6 7. Bg5 Bb7 8. e3 d6 9. Ne2 Nbd7 10. Qd3 c5 11. Nc3 Qc7 12. Be2 h6 13. Bh4 Bxg2 14. Rg1 Bb7 15. d5 Rae8 16. 0-0-0 exd5 17. cxd5 Ne5 18. Qf5 Nh7 19. Nb5 Qb8 20. f4 Ng6 21. Bd3 Rxe3 22. Bb1 Rfe8 23. Qh5 Nhf8 24. f5 R8e5 25. Bf6 Bc8 26. Bxe5 Rxe5 27. Rde1 Rxe1+ 28. Rxe1 Ne5 29. Rg1 Kh7 30. Nc3 Qc7 31. Ne4 c4 32. Rxg7+ 1-0

[Event "EU-chT (Men) 15th"]
[Site "Gothenburg"]
[Date "2005.08.06"]
[Round "8.3"]
[White "Palo, Davor"]
[Black "Mikhalchishin, Adrian"]
[Result "1/2-1/2"]
[WhiteElo "2519"]
[BlackElo "2526"]
[PlyCount "89"]
[EventDate "2005.07.30"]
[EventType "team-swiss"]
[EventRounds "9"]
[EventCountry "SWE"]
[SourceTitle "CBM 109"]
[Source "ChessBase"]
[SourceDate "2005.11.14"]
[SourceVersion "1"]
[SourceVersionDate "2005.11.14"]
[SourceQuality "1"]
[WhiteTeam "Denmark"]
[BlackTeam "Slovenia"]
[WhiteTeamCountry "DEN"]
[BlackTeamCountry "SLO"]

1. d4 Nf6 2. c4 g6 3. Nc3 d5 4. cxd5 Nxd5 5. Bd2 Nb6 6. Nf3 Bg7 7. e3 0-0 8. Rc1 Nc6 9. Bb5 e5 10. Bxc6 exd4 11. Nxd4 Bxd4 12. exd4 bxc6 13. 0-0 Ba6 14. Re1 Qxd4 15. Ne4 f5 16. Ng5 Nc4 17. Bc3 Qxd1 18. Rcxd1 Rfd8 19. Ne6 Rxd1 20. Rxd1 Nb6 21. Nxc7 Be2 22. Rd6 Rc8 23. Rxc6 Bb5 24. Rc5 a6 25. Ba5 Nc4 26. b4 Nxa5 27. bxa5 Rd8 28. h3 Rd4 29. Nxb5 axb5 30. Rxb5 Ra4 31. g3 Rxa2 32. Kg2 Ra3 33. h4 Kg7 34. Rc5 Kf6 35. f4 Kg7 36. Rc7+ Kh6 37. Ra7 Kh5 38. Kh3 h6 39. Ra8 Ra2 40. Ra6 Ra3 41. Ra7 Ra2 42. Ra8 Ra3 43. a6 Ra2 44. Ra7 Ra3 45. Ra8 1/2-1/2

[Event "EU-chT (Men) 15th"]
[Site "Gothenburg"]
[Date "2005.08.01"]
[Round "3.3"]
[White "Palo, Davor"]
[Black "Nevednichy, Vladislav"]
[Result "0-1"]
[WhiteElo "2519"]
[BlackElo "2583"]
[PlyCount "100"]
[EventDate "2005.07.30"]
[EventType "team-swiss"]
[EventRounds "9"]
[EventCountry "SWE"]
[SourceTitle "CBM 109"]
[Source "ChessBase"]
[SourceDate "2005.11.14"]
[SourceVersion "1"]
[SourceVersionDate "2005.11.14"]
[SourceQuality "1"]
[WhiteTeam "Denmark"]
[BlackTeam "Romania"]
[WhiteTeamCountry "DEN"]
[BlackTeamCountry "ROU"]

1. d4 Nf6 2. c4 g6 3. Nc3 Bg7 4. g3 0-0 5. Bg2 d6 6. Nf3 Nc6 7. 0-0 a6 8. d5 Na5 9. Nd2 c5 10. Qc2 Rb8 11. b3 b5 12. Bb2 Bh6 13. f4 bxc4 14. bxc4 e5 15. dxe6 Bxe6 16. Nd5 Rxb2 17. Qxb2 Bg7 18. Qc1 Nxd5 19. cxd5 Bd7 20. e4 c4 21. Rb1 c3 22. Nf3 Qc7 23. Qe3 Nc4 24. Qf2 Bg4 25. Rbc1 Bxf3 26. Bxf3 Qa5 27. Kh1 Nb2 28. Qe2 Re8 29. Rfe1 Bd4 30. e5 dxe5 31. d6 Qb6 32. d7 Rd8 33. fxe5 Rxd7 34. e6 Qxe6 35. Qxe6 fxe6 36. Be2 Rd6 37. Rc2 Kg7 38. Kg2 h5 39. Rf1 e5 40. Rf3 Na4 41. Bc4 Nb2 42. Rf7+ Kh8 43. Be2 e4 44. Re7 Nd3 45. Kh3 g5 46. Bd1 Ne1 47. Rc1 g4+ 48. Bxg4 hxg4+ 49. Kxg4 Nd3 50. Rc2 Nf2+ 0-1

[Event "Montpellier op 12th"]
[Site "Montpellier"]
[Date "2005.07.08"]
[Round "6"]
[White "Touzane, Olivier"]
[Black "Palo, Davor"]
[Result "0-1"]
[WhiteElo "2350"]
[BlackElo "2519"]
[PlyCount "82"]
[EventDate "2005.07.03"]
[EventType "swiss"]
[EventRounds "9"]
[EventCountry "FRA"]
[SourceTitle "EXT 2006"]
[Source "ChessBase"]
[SourceDate "2005.11.24"]
[SourceVersion "1"]
[SourceVersionDate "2005.11.24"]
[SourceQuality "1"]

1. d4 d5 2. c4 Nc6 3. cxd5 Qxd5 4. e3 e5 5. Nc3 Bb4 6. Bd2 Bxc3 7. bxc3 Nf6 8. f3 Qd6 9. Bd3 0-0 10. Ne2 Be6 11. Qb1 b6 12. Qc1 Rad8 13. 0-0 Ne7 14. Be1 Nd7 15. Bh4 f6 16. Qc2 Kh8 17. f4 exd4 18. cxd4 Nd5 19. Qc1 Nb4 20. Bb1 c5 21. a3 Nc6 22. Rd1 Bb3 23. Rd3 Qe6 24. f5 Qf7 25. Nf4 Ne7 26. Rd2 Rc8 27. Qb2 c4 28. Qc3 b5 29. Be4 Nb6 30. d5 Na4 31. Qd4 c3 32. Rf2 Rc4 33. d6 Rxd4 34. exd4 Nc8 35. Bg3 Nxd6 36. Ng6+ hxg6 37. Bxd6 Rd8 38. Bb4 g5 39. d5 Re8 40. Re2 Bc4 41. Re3 a5 0-1

[Event "Montpellier op 12th"]
[Site "Montpellier"]
[Date "2005.07.06"]
[Round "4"]
[White "Andres Gonzalez, Alberto"]
[Black "Palo, Davor"]
[Result "1/2-1/2"]
[WhiteElo "2413"]
[BlackElo "2519"]
[PlyCount "111"]
[EventDate "2005.07.03"]
[EventType "swiss"]
[EventRounds "9"]
[EventCountry "FRA"]
[SourceTitle "EXT 2006"]
[Source "ChessBase"]
[SourceDate "2005.11.24"]
[SourceVersion "1"]
[SourceVersionDate "2005.11.24"]
[SourceQuality "1"]

1. e4 g6 2. d4 Bg7 3. Nc3 d6 4. f4 Nf6 5. Nf3 0-0 6. Bd3 Na6 7. 0-0 c5 8. d5 Bg4 9. a3 Nc7 10. Qe1 e6 11. dxe6 Nxe6 12. f5 Nd4 13. Bg5 Bxf3 14. gxf3 h6 15. Bxf6 Bxf6 16. fxg6 fxg6 17. Qg3 g5 18. f4 Kh8 19. e5 Bg7 20. fxg5 Rxf1+ 21. Rxf1 Bxe5 22. Qg4 Qxg5 23. Qxg5 hxg5 24. Rf7 Kg8 25. Bc4 Rf8 26. Rxb7+ Kh8 27. Ne4 Rf4 28. Bd5 Nxc2 29. Rb8+ Kg7 30. Ng3 Kh6 31. Rb7 Ne3 32. Be4 Bg7 33. Rd7 d5 34. Rd6+ Rf6 35. Rxf6+ Bxf6 36. Nf5+ Kh5 37. Bf3+ g4 38. Nxe3 gxf3 39. Kf2 Bxb2 40. Nxd5 Kg4 41. h3+ Kf5 42. Kxf3 Ke5 43. Nc7 c4 44. Ke3 Bxa3 45. Kd2 Bb2 46. Nb5 a5 47. Kc2 Ba1 48. h4 Kd5 49. Nc3+ Kd4 50. Nb5+ Kc5 51. Nc3 Kd4 52. Nb5+ Ke4 53. Nc3+ Kf5 54. h5 Kg5 55. Ne4+ Kxh5 56. Nd2 1/2-1/2